000 00369nam a2200169 4500
008 190521s1995||||CZ d
100 1 _aVinar Oldrich
_91101
245 1 0 _aLéky pro duši
260 _aPraha
_c1995
_bGrada
250 _a1.vydanie
020 _a8071691550
_c0
490 _ahueber
300 _a218s.
041 1 _acze
044 _aCZ
958 _aA
999 _c22395
_d22395